[Event "IV Memorial Salvatore Nobile"]
[Site "Roma ITA"]
[Date "2011.01.25"]
[Round "3"]
[White "Bolla, Vittorio"]
[Black "Palocci, Claudio"]
[Result "0-1"]
[WhiteElo "1782"]
[BlackElo "1580"]
[PlyCount "112"]
[EventDate "2011.01.13"]

1. e4 c5 2. Nf3 e6 3. c3 Nf6 4. Bb5 Qc7 5. O-O Nc6 6. Re1 d6 7. d3 Be7 8. Bf4
O-O 9. c4 a6 10. Bxc6 Qxc6 11. e5 Nd7 12. d4 cxd4 13. Qxd4 dxe5 14. Nxe5 Nxe5
15. Bxe5 f6 16. Bg3 e5 17. Qd5+ Qxd5 18. cxd5 Bf5 19. Nc3 Rac8 20. Rad1 Bb4 21.
Re3 Bc5 22. Ree1 b5 23. Ne4 Bxe4 24. Rxe4 Bd4 25. Re2 Rfd8 26. Kf1 Rxd5 27. f4
Rdc5 28. Red2 Kf7 29. fxe5 fxe5 30. Bxe5 Rxe5 31. Rxd4 Rc2 32. Rf4+ Ke7 33. Rf2
Rec5 34. Rdd2 Rxd2 35. Rxd2 Ke6 36. Ke2 a5 37. b3 a4 38. bxa4 bxa4 39. Kf3 Rd5
40. Rc2 Kd6 41. Rc3 Rc5 42. Ra3 Rc4 43. h3 Kc5 44. g4 Kb4 45. Re3 Rc3 46. Rxc3
Kxc3 47. Ke3 Kb2 48. Kd2 Kxa2 49. Kc2 g5 50. Kc3 Kb1 51. Kb4 Kc2 52. Kxa4 Kd3
53. Kb4 Ke4 54. Kc4 Kf4 55. Kd4 Kg3 56. Ke5 Kxh3 0-1

[Event "IV Memorial Salvatore Nobile"]
[Site "Roma ITA"]
[Date "2011.01.25"]
[Round "3"]
[White "Ricci, Stefano"]
[Black "Disi, Alessandro"]
[Result "1-0"]
[WhiteElo "1518"]
[BlackElo "1509"]
[PlyCount "81"]
[EventDate "2011.01.13"]

1. e4 e5 2. Nf3 Nc6 3. Bb5 a6 4. Ba4 Nf6 5. O-O b5 6. Bb3 Be7 7. Re1 O-O 8. c3
d5 9. exd5 Nxd5 10. Nxe5 Nxe5 11. Rxe5 c6 12. Bxd5 cxd5 13. Qf3 Be6 14. d4 Bd6
15. Re1 Qh4 16. g3 Qh3 17. Qg2 Rfe8 18. Be3 Qf5 19. Nd2 Rac8 20. Nf3 b4 21.
Rac1 a5 22. Nh4 Qd3 23. Rcd1 Qc2 24. Rd2 Qa4 25. b3 Qb5 26. c4 dxc4 27. bxc4
Rxc4 28. d5 Bd7 29. Qf1 Rcc8 30. Kg2 Rc2 31. Qxb5 Bxb5 32. Nf5 Rxd2 33. Nxd6
Rxa2 34. Nxe8 b3 35. Bd4 a4 36. Nd6 Be2 37. Nc4 Rc2 38. d6 Kf8 39. Na3 Rd2 40.
Bc3 Rxd6 41. Bb4 1-0

[Event "IV Memorial Salvatore Nobile"]
[Site "Roma ITA"]
[Date "2011.01.25"]
[Round "3"]
[White "Bogosaljevic, Miodrag"]
[Black "Casella, Carlo"]
[Result "0-1"]
[WhiteElo "1898"]
[BlackElo "1691"]
[PlyCount "88"]
[EventDate "2011.01.13"]

1. d4 d5 2. Nf3 e6 3. c4 Nf6 4. Bg5 Nbd7 5. e3 c6 6. Bd3 Bb4+ 7. Nc3 Qa5 8. Qb3
Ne4 9. O-O Bxc3 10. bxc3 dxc4 11. Bxc4 Nxg5 12. Nd2 Nf6 13. Bd3 h6 14. h4 Ngh7
15. Nc4 Qc7 16. Qa3 c5 17. e4 O-O 18. e5 Nd5 19. Nd6 Bd7 20. Qb2 Rfb8 21. Bxh7+
Kxh7 22. Nxf7 Kg8 23. Nd6 cxd4 24. cxd4 Bc6 25. Qe2 Rf8 26. Rac1 Qe7 27. g3 Nb6
28. f4 Rad8 29. Rfe1 Nc8 30. Rc5 Nxd6 31. exd6 Qxd6 32. Qxe6+ Qxe6 33. Rxe6
Rxd4 34. Re2 Rfd8 35. Kf2 Rd2 36. Ke3 Rxe2+ 37. Kxe2 Rd4 38. a3 a6 39. Ke3 Rd1
40. Rc3 Kf7 41. Ke2 Rg1 42. Re3 Rg2+ 43. Kd3 Kf6 44. Kd4 Rf2 0-1

[Event "IV Memorial Salvatore Nobile"]
[Site "Roma ITA"]
[Date "2011.01.25"]
[Round "3"]
[White "Tamburrini, Andrea"]
[Black "Di Carlo, Adriano"]
[Result "0-1"]
[WhiteElo "1505"]
[BlackElo "1765"]
[PlyCount "62"]
[EventDate "2011.01.13"]

1. d4 Nf6 2. Nf3 c5 3. g3 e6 4. Bg2 Nc6 5. O-O d5 6. Nc3 Be7 7. Bf4 a6 8. Na4
Nd7 9. b3 b5 10. Nb2 c4 11. c3 O-O 12. Ne1 Qb6 13. e4 dxe4 14. Bxe4 Nf6 15. Bg2
Nd5 16. Qc2 Nxf4 17. gxf4 cxb3 18. axb3 Bb7 19. Nf3 Qc7 20. Ne5 Nxd4 21. Qd3
Bxg2 22. Kxg2 Nxb3 23. Rad1 Rfd8 24. Qf3 Rac8 25. c4 Nd2 26. Qh5 g6 27. Qh6
Nxf1 28. Rxf1 Rd2 29. Rd1 Rxb2 30. Rd7 Qc5 31. Nd3 Qc6+ 0-1

[Event "IV Memorial Salvatore Nobile"]
[Site "Roma ITA"]
[Date "2011.01.25"]
[Round "3"]
[White "Luigi, Rinaldo"]
[Black "Nazzarri, Errico"]
[Result "1-0"]
[WhiteElo "1766"]
[BlackElo "1362"]
[PlyCount "67"]
[EventDate "2011.01.13"]

1. e4 e5 2. Nf3 Nf6 3. d4 exd4 4. Qxd4 Nc6 5. Qc4 d6 6. Bd3 Be7 7. Nc3 O-O 8.
O-O Ne5 9. Nxe5 dxe5 10. Qb3 b6 11. Bg5 c5 12. Rad1 Qe8 13. Bb5 Bd7 14. Bxf6
Bxb5 15. Bxe7 Qxe7 16. Qxb5 Qe6 17. Nd5 Rac8 18. c4 Kh8 19. Qa4 f5 20. exf5
Rxf5 21. Qxa7 Rf7 22. Qxb6 Qxb6 23. Nxb6 Rg8 24. Rd6 h6 25. Rc6 Re8 26. Rxc5
Rb7 27. Rb5 Ra7 28. a4 e4 29. Re1 Rae7 30. a5 Rf7 31. a6 Rd8 32. Nd5 Rc8 33.
Rxe4 Ra7 34. Rb6 1-0

[Event "IV Memorial Salvatore Nobile"]
[Site "Roma ITA"]
[Date "2011.01.25"]
[Round "3"]
[White "Arceri, Paolo"]
[Black "Cannavo', Giuseppe"]
[Result "1-0"]
[WhiteElo "1464"]
[BlackElo "1317"]
[PlyCount "59"]
[EventDate "2011.01.13"]

1. d4 d5 2. Nf3 Nf6 3. e3 Nc6 4. c4 b6 5. Nc3 e6 6. cxd5 exd5 7. Bb5 Bd7 8. Qa4
Nb8 9. Ne5 Qe7 10. Nxd7 Nbxd7 11. b3 Qe6 12. Bc6 Rd8 13. Qb5 Bb4 14. Bxd7+ Rxd7
15. Qxb4 a5 16. Qb5 O-O 17. Ba3 Rfd8 18. O-O h6 19. Rac1 Kh7 20. Qd3+ Kg8 21.
Rc2 c6 22. Rfc1 b5 23. Ne2 Rc7 24. Nf4 Qc8 25. Rc5 Rdd7 26. Qc2 Qe8 27. Rxc6
Qe4 28. Rxc7 Qxc2 29. R1xc2 Rxc7 30. Rxc7 1-0

[Event "IV Memorial Salvatore Nobile"]
[Site "Roma ITA"]
[Date "2011.01.27"]
[Round "4"]
[White "Marta, Daniele"]
[Black "Maurizio, Antonio"]
[Result "1/2-1/2"]
[WhiteElo "2051"]
[BlackElo "1898"]
[PlyCount "33"]
[EventDate "2011.01.13"]

1. c4 e6 2. Nf3 d5 3. g3 Nf6 4. Bg2 Be7 5. O-O O-O 6. d4 Nbd7 7. cxd5 exd5 8.
Nc3 c6 9. Bf4 Re8 10. Rc1 Nf8 11. Qd3 Ng6 12. Bd2 h6 13. a3 a5 14. Kh1 Bd6 15.
Ng1 Qe7 16. f3 Nh5 17. f4 1/2-1/2

[Event "IV Memorial Salvatore Nobile"]
[Site "Roma ITA"]
[Date "2011.01.27"]
[Round "4"]
[White "Prudenzano, Ruggero"]
[Black "Battistelli, Alessandro"]
[Result "0-1"]
[WhiteElo "1954"]
[BlackElo "1849"]
[PlyCount "64"]
[EventDate "2011.01.13"]

1. d4 Nf6 2. c4 e6 3. Nc3 Bb4 4. e3 Bxc3+ 5. bxc3 b6 6. Bd3 O-O 7. Ne2 Nc6 8.
O-O Ba6 9. Ng3 Na5 10. Qe2 d5 11. cxd5 Bxd3 12. Qxd3 exd5 13. f3 Re8 14. e4 c6
15. Bg5 h6 16. Bd2 Nc4 17. e5 Nd7 18. f4 b5 19. f5 Nxd2 20. Qxd2 Qg5 21. Qd3
Rab8 22. Rf3 b4 23. f6 g6 24. Nf5 bxc3 25. Qxc3 c5 26. Ne7+ Kh7 27. Re1 cxd4
28. Qxd4 Nf8 29. h4 Ne6 30. Qxd5 Qxh4 31. Rd1 Rbd8 32. Nxg6 Kxg6 0-1

[Event "IV Memorial Salvatore Nobile"]
[Site "Roma ITA"]
[Date "2011.01.27"]
[Round "4"]
[White "Catalini, Giampiero"]
[Black "Ricci, Stefano"]
[Result "0-1"]
[WhiteElo "1953"]
[BlackElo "1518"]
[PlyCount "48"]
[EventDate "2011.01.13"]

1. d4 Nf6 2. Nf3 d5 3. c4 c6 4. cxd5 cxd5 5. Nc3 Bf5 6. Bf4 e6 7. e3 Bd6 8.
Bb5+ Nc6 9. Ne5 O-O 10. Bxc6 bxc6 11. Nxc6 Qc7 12. Ne5 Rab8 13. O-O Rxb2 14.
Rc1 Bxe5 15. dxe5 Bc2 16. Rxc2 Rxc2 17. Qxc2 Ne4 18. Qd3 Nxc3 19. Qa6 Qc4 20.
Qxc4 dxc4 21. a3 Ne2+ 22. Kh1 c3 23. g3 c2 24. Rc1 Rd8 0-1

[Event "IV Memorial Salvatore Nobile"]
[Site "Roma ITA"]
[Date "2011.01.27"]
[Round "4"]
[White "Baruffaldi, Giuseppe"]
[Black "Minikh, Edouard"]
[Result "0-1"]
[WhiteElo "1836"]
[BlackElo "1920"]
[PlyCount "66"]
[EventDate "2011.01.13"]

1. Nf3 c5 2. g3 g6 3. Bg2 Bg7 4. O-O Nf6 5. c3 O-O 6. d3 Nc6 7. Be3 d6 8. Qc1
Re8 9. Bh6 Bh8 10. e4 Ne5 11. Nxe5 dxe5 12. Rd1 Ng4 13. Be3 b6 14. h3 Nxe3 15.
Qxe3 Ba6 16. c4 Qd6 17. Nc3 Red8 18. b3 Bg7 19. a4 Rab8 20. Nb5 Qd7 21. Ra2 Re8
22. Kh2 h5 23. h4 Kh7 24. Bh3 e6 25. f4 Bh6 26. Qf3 exf4 27. gxf4 Qe7 28. Qg3
e5 29. fxe5 Bg7 30. Kh1 Bxe5 31. Qg5 Bf6 32. Qf4 Bb7 33. Rf2 Bxe4+ 0-1

[Event "IV Memorial Salvatore Nobile"]
[Site "Roma ITA"]
[Date "2011.01.27"]
[Round "4"]
[White "Palocci, Claudio"]
[Black "Russo, Roberto"]
[Result "0-1"]
[WhiteElo "1580"]
[BlackElo "1872"]
[PlyCount "38"]
[EventDate "2011.01.13"]

1. e4 c5 2. Nf3 h6 3. d4 cxd4 4. Nxd4 Nf6 5. Nc3 e5 6. Ndb5 d6 7. Bg5 hxg5 8.
Qd2 a6 9. Na3 b5 10. Naxb5 axb5 11. Bxb5+ Bd7 12. Bc4 Qc8 13. Bb3 Be6 14. Qxg5
Bxb3 15. cxb3 Nbd7 16. O-O Nc5 17. f3 Ne6 18. Qe3 d5 19. exd5 Bc5 0-1

[Event "IV Memorial Salvatore Nobile"]
[Site "Roma ITA"]
[Date "2011.01.27"]
[Round "4"]
[White "Casella, Carlo"]
[Black "Castellano, Lorenzo"]
[Result "0-1"]
[WhiteElo "1691"]
[BlackElo "1874"]
[PlyCount "64"]
[EventDate "2011.01.13"]

1. e4 c5 2. Nf3 d6 3. d4 cxd4 4. Nxd4 Nf6 5. Nc3 a6 6. Be2 e5 7. Nb3 Be6 8. O-O
Nbd7 9. Kh1 Be7 10. f4 exf4 11. Bxf4 Ne5 12. Bxe5 dxe5 13. Qxd8+ Rxd8 14. Rad1
Rc8 15. Bd3 Bb4 16. Ne2 Ng4 17. Rf3 f5 18. exf5 Bd5 19. Rdf1 Bxf3 20. gxf3 Ne3
21. Rc1 O-O 22. Ng3 Rfd8 23. a3 Bd2 24. Rg1 Nxc2 25. Be4 Be3 26. Rf1 Kf8 27.
Ne2 Rc7 28. Nc3 Nd4 29. Nxd4 exd4 30. Nd5 Rcd7 31. Nxe3 dxe3 32. Re1 Rd1 0-1

[Event "IV Memorial Salvatore Nobile"]
[Site "Roma ITA"]
[Date "2011.01.27"]
[Round "4"]
[White "Di Dario, Dario"]
[Black "Crucioli, Marco"]
[Result "1-0"]
[WhiteElo "1711"]
[BlackElo "1592"]
[PlyCount "107"]
[EventDate "2011.01.13"]

1. d4 d6 2. e4 Nd7 3. Nf3 e5 4. c3 Ne7 5. Bd3 h6 6. O-O g5 7. dxe5 Nxe5 8. Nxe5
dxe5 9. Qe2 Ng6 10. Rd1 Bd6 11. Na3 O-O 12. Nc4 Nf4 13. Bxf4 exf4 14. e5 Re8
15. Qh5 Kg7 16. exd6 cxd6 17. Re1 Be6 18. Qf3 Rc8 19. Qe4 Rh8 20. Qd4+ Kg8 21.
Nxd6 Rc7 22. Nf5 Qxd4 23. Nxd4 Rd7 24. Bc2 Bg4 25. f3 Bh5 26. Re8+ Kg7 27. Nf5+
Kh7 28. Rxh8+ Kxh8 29. Nxh6 Rd2 30. Bb3 Kg7 31. Nf5+ Kf6 32. Nd4 g4 33. Re1
Rxb2 34. Nc2 gxf3 35. gxf3 Bxf3 36. Rf1 Be4 37. Rxf4+ Ke5 38. Rf2 f5 39. h4
Rb1+ 40. Rf1 Rxb3 41. axb3 Bxc2 42. b4 Kf6 43. Kh2 Kg6 44. Kg3 Be4 45. Rd1 a6
46. c4 Kf6 47. Kf4 Kg6 48. Rd4 Bc6 49. c5 Bb5 50. Rd6+ Kh5 51. Kxf5 Kxh4 52.
Rb6 Bc6 53. Rxc6 bxc6 54. Ke5 1-0

[Event "IV Memorial Salvatore Nobile"]
[Site "Roma ITA"]
[Date "2011.01.27"]
[Round "4"]
[White "Bolla, Vittorio"]
[Black "Andreozzi, Paolo"]
[Result "1/2-1/2"]
[WhiteElo "1782"]
[BlackElo "1718"]
[PlyCount "91"]
[EventDate "2011.01.13"]

1. e4 c5 2. Nf3 e6 3. c3 d6 4. Bb5+ Nd7 5. O-O a6 6. Bd3 g6 7. Bc2 Bg7 8. d4
cxd4 9. cxd4 b5 10. a3 Bb7 11. Nc3 Ne7 12. Re1 O-O 13. Bb3 Nb6 14. Bf4 Nc4 15.
Bxc4 bxc4 16. Qe2 Rc8 17. Rad1 Qc7 18. Qd2 Rfe8 19. Bh6 f5 20. Bxg7 Kxg7 21.
Ng5 Qd7 22. exf5 Nxf5 23. Qe2 Bd5 24. Nxd5 exd5 25. Qd2 h6 26. Nf3 Re4 27. Re2
Rxe2 28. Qxe2 Re8 29. Qd2 Re4 30. Re1 g5 31. h3 Kf6 32. g4 Ng7 33. Qc3 Rxe1+
34. Qxe1 Ne6 35. Kh2 Qa4 36. Qd2 Qb3 37. Ne1 Nf4 38. f3 Nd3 39. Kg3 Nxb2 40.
Qa5 Qb7 41. Qd8+ Qe7 42. Qh8+ Kg6 43. Qg8+ Qg7 44. Qe6+ Qf6 45. Qg8+ Qg7 46.
Qe6+ 1/2-1/2

[Event "IV Memorial Salvatore Nobile"]
[Site "Roma ITA"]
[Date "2011.01.27"]
[Round "4"]
[White "Denozza, Mauro"]
[Black "Luigi, Rinaldo"]
[Result "0-1"]
[WhiteElo "1672"]
[BlackElo "1766"]
[PlyCount "52"]
[EventDate "2011.01.13"]

1. d4 Nf6 2. Nf3 d5 3. e3 c6 4. c3 g6 5. Nbd2 Bg7 6. Bd3 O-O 7. O-O Re8 8. e4
dxe4 9. Nxe4 Nbd7 10. Bg5 Nxe4 11. Bxe4 Nf6 12. Bd3 Be6 13. c4 Qb6 14. Qc2 Rac8
15. Rfe1 Bg4 16. c5 Qd8 17. Ne5 Be6 18. Rad1 Qc7 19. Bc4 Bxc4 20. Qxc4 Nd5 21.
Nf3 e5 22. dxe5 Bxe5 23. Nxe5 Rxe5 24. Rxe5 Qxe5 25. Qc1 Re8 26. Kf1 Qxh2 0-1

[Event "IV Memorial Salvatore Nobile"]
[Site "Roma ITA"]
[Date "2011.01.27"]
[Round "4"]
[White "Di Carlo, Adriano"]
[Black "Arceri, Paolo"]
[Result "1-0"]
[WhiteElo "1765"]
[BlackElo "1464"]
[PlyCount "41"]
[EventDate "2011.01.13"]

1. e4 e6 2. d4 d5 3. exd5 exd5 4. c4 Bb4+ 5. Nc3 c6 6. Nf3 Ne7 7. a3 Bxc3+ 8.
bxc3 O-O 9. Bd3 Re8 10. O-O Ng6 11. Ng5 Qf6 12. f4 h6 13. f5 Nf8 14. Qh5 Nh7
15. Nxh7 Kxh7 16. g4 Kg8 17. g5 hxg5 18. Bxg5 Qd6 19. f6 g6 20. Bxg6 fxg6 21.
f7+ 1-0

[Event "IV Memorial Salvatore Nobile"]
[Site "Roma ITA"]
[Date "2011.01.27"]
[Round "4"]
[White "Chianura, Mimmo"]
[Black "Bogosaljevic, Miodrag"]
[Result "0-1"]
[WhiteElo "1667"]
[BlackElo "1898"]
[PlyCount "88"]
[EventDate "2011.01.13"]

1. e4 c5 2. Nf3 d6 3. d4 cxd4 4. Nxd4 Nf6 5. Nc3 g6 6. f4 Bg7 7. e5 Ng8 8. Bb5+
Kf8 9. O-O Nh6 10. Nf3 Nc6 11. exd6 exd6 12. Ne4 Qb6+ 13. Kh1 Qxb5 14. Qxd6+
Kg8 15. Nf6+ Bxf6 16. Qxf6 Qf5 17. Qc3 Ng4 18. b3 h6 19. Bb2 Rh7 20. h3 Be6 21.
hxg4 Qxg4 22. Nd2 Ne7 23. Ne4 Qh4+ 24. Kg1 Nd5 25. Qf3 f5 26. Nc5 Qe7 27. Nxe6
Qxe6 28. Rfe1 Qb6+ 29. Kh1 Rd7 30. c4 Nf6 31. Qc3 Rf7 32. Re2 Kh7 33. Rae1 Ne4
34. Rxe4 fxe4 35. Rxe4 Qf2 36. Qe5 Rd8 37. Bd4 Qxa2 38. Qe6 Qb1+ 39. Kh2 Rdf8
40. Bc5 Rf6 41. Qd7+ R8f7 42. Re7 Qf5 43. Qxb7 Qxf4+ 44. Kh1 Qh4+ 0-1

[Event "IV Memorial Salvatore Nobile"]
[Site "Roma ITA"]
[Date "2011.01.27"]
[Round "4"]
[White "Nazzarri, Errico"]
[Black "Dorascenzi, Angelo"]
[Result "0-1"]
[WhiteElo "1362"]
[BlackElo "1404"]
[PlyCount "119"]
[EventDate "2011.01.13"]

1. e4 c5 2. Nc3 e6 3. g3 a6 4. Bg2 d6 5. d3 Be7 6. Nge2 Nf6 7. O-O O-O 8. f4
Qc7 9. Kh1 Bd7 10. d4 cxd4 11. Nxd4 e5 12. Nf5 Bxf5 13. exf5 Nbd7 14. fxe5 dxe5
15. Be3 Rab8 16. Qf3 b5 17. Rac1 Rfe8 18. Ne4 h6 19. g4 Nxe4 20. Qxe4 Nf6 21.
Qf3 Qc4 22. a3 Qxg4 23. Qxg4 Nxg4 24. Rce1 Bd6 25. h3 Nf6 26. b3 Bf8 27. Rf2
Nh5 28. Kh2 Bd6 29. Be4 Nf6 30. Bc5 Bc7 31. Kh1 Nh5 32. Rg1 Nf4 33. f6 g6 34.
Rg3 Nh5 35. Rxg6+ fxg6 36. Bxg6 Nxf6 37. Rxf6 Kg7 38. Rxa6 Red8 39. Bd3 Re8 40.
Be3 e4 41. Bxh6+ Kh7 42. Be2 Rb6 43. Rxb6 Bxb6 44. Bxb5 Re6 45. Bf4 Kg6 46. Kg2
Re7 47. Be2 Bc7 48. Be3 Rf7 49. h4 Kf5 50. Kh3 Bf4 51. Bg4+ Ke5 52. Bh5 Rg7 53.
Bxf4+ Kxf4 54. b4 Rg3+ 55. Kh2 Rxa3 56. c4 Rc3 57. Be2 Rc2 58. b5 Rxe2+ 59. Kg1
Rb2 60. c5 0-1

[Event "IV Memorial Salvatore Nobile"]
[Site "Roma ITA"]
[Date "2011.02.10"]
[Round "5"]
[White "Maurizio, Antonio"]
[Black "Quimi, Marco"]
[Result "1-0"]
[WhiteElo "1898"]
[BlackElo "2114"]
[PlyCount "101"]
[EventDate "2011.01.13"]

1. d4 Nf6 2. c4 g6 3. Nc3 Bg7 4. e4 d6 5. Nf3 O-O 6. Be2 e5 7. O-O exd4 8. Nxd4
Re8 9. f3 Nc6 10. Be3 Bd7 11. Qd2 Nxd4 12. Bxd4 Bc6 13. Rfd1 a5 14. c5 dxc5 15.
Bxc5 Qxd2 16. Rxd2 Nd7 17. Bf2 a4 18. Nb5 Bxb5 19. Bxb5 c6 20. Rxd7 cxb5 21.
Bd4 Red8 22. Rxd8+ Rxd8 23. Bxg7 Kxg7 24. Rf1 b4 25. g3 Kf6 26. Rf2 Rd3 27. Kg2
Ke5 28. Re2 g5 29. h4 h6 30. hxg5 hxg5 31. Kf2 f6 32. Kg2 b5 33. Kf2 Kd4 34. f4
gxf4 35. gxf4 Rh3 36. Kg2 Rh5 37. Kf3 Kd3 38. Re3+ Kd4 39. Re2 a3 40. b3 Rc5
41. e5 fxe5 42. fxe5 Rc3+ 43. Kf2 Rc7 44. e6 Re7 45. Kf3 Kd5 46. Kf4 Kd4 47.
Kf5 Kd3 48. Rh2 Rc7 49. Kf6 Rc1 50. e7 Rf1+ 51. Ke6 1-0

[Event "IV Memorial Salvatore Nobile"]
[Site "Roma ITA"]
[Date "2011.02.10"]
[Round "5"]
[White "Minikh, Edouard"]
[Black "Ricci, Stefano"]
[Result "1-0"]
[WhiteElo "1920"]
[BlackElo "1518"]
[PlyCount "59"]
[EventDate "2011.01.13"]

1. d4 d5 2. c4 Nf6 3. cxd5 Qxd5 4. Nc3 Qh5 5. Nf3 e6 6. e4 Bb4 7. Bd3 O-O 8.
O-O Nc6 9. e5 Nd5 10. Ne4 f5 11. exf6 gxf6 12. Ng3 Qf7 13. a3 Bd6 14. b4 Kh8
15. Re1 Rg8 16. Bb2 f5 17. b5 Nce7 18. Bf1 b6 19. a4 Bb7 20. Rc1 Rac8 21. Rc2
f4 22. Ne4 Ne3 23. d5+ e5 24. fxe3 Bxd5 25. Nxe5 Bxe5 26. Bxe5+ Rg7 27. exf4
Bb7 28. Ng5 Qg6 29. Bd3 Nf5 30. g4 1-0

[Event "IV Memorial Salvatore Nobile"]
[Site "Roma ITA"]
[Date "2011.02.10"]
[Round "5"]
[White "Castellano, Lorenzo"]
[Black "Condemi De Felice, Alfonso"]
[Result "1-0"]
[WhiteElo "1874"]
[BlackElo "1904"]
[PlyCount "57"]
[EventDate "2011.01.13"]

1. e4 g6 2. d4 Bg7 3. Nc3 Nc6 4. Be3 d5 5. Bb5 a6 6. Bxc6+ bxc6 7. Nf3 Nf6 8.
e5 Ng8 9. b3 e6 10. O-O Ne7 11. Na4 O-O 12. Nc5 Nf5 13. Bf4 f6 14. Qd2 Kh8 15.
Rfe1 fxe5 16. Nxe5 Qe8 17. c3 Bf6 18. Ng4 Bg7 19. Be5 Nd6 20. Qe2 h5 21. Bxg7+
Kxg7 22. Qe5+ Kf7 23. Nh6+ Ke7 24. Qg5+ Rf6 25. Re5 Nf7 26. Nxf7 Kxf7 27. Rae1
Bd7 28. Qh6 Qg8 29. Rxh5 1-0

[Event "IV Memorial Salvatore Nobile"]
[Site "Roma ITA"]
[Date "2011.02.10"]
[Round "5"]
[White "Luigi, Rinaldo"]
[Black "Prudenzano, Ruggero"]
[Result "1-0"]
[WhiteElo "1766"]
[BlackElo "1954"]
[PlyCount "49"]
[EventDate "2011.01.13"]

1. e4 c5 2. Nf3 d6 3. d4 cxd4 4. Nxd4 Nf6 5. Nc3 a6 6. Be3 Ng4 7. Bg5 h6 8. Bh4
g5 9. Bg3 Bg7 10. Nf5 Bxf5 11. exf5 Ne5 12. Be2 Nbc6 13. O-O Nd4 14. Bd3 Qd7
15. Nd5 Nxd3 16. Qxd3 Rd8 17. f6 Nf5 18. fxg7 Nxg7 19. Rfe1 Ne6 20. Rad1 Kf8
21. Qf3 Kg7 22. h4 Rde8 23. Qc3+ Kg8 24. Bxd6 Nf4 25. Bxf4 1-0

[Event "IV Memorial Salvatore Nobile"]
[Site "Roma ITA"]
[Date "2011.02.10"]
[Round "5"]
[White "Di Carlo, Adriano"]
[Black "Baruffaldi, Giuseppe"]
[Result "1/2-1/2"]
[WhiteElo "1765"]
[BlackElo "1836"]
[PlyCount "113"]
[EventDate "2011.01.13"]

1. e4 e5 2. Nf3 d6 3. d4 exd4 4. Nxd4 Be7 5. Bc4 Nf6 6. Nc3 O-O 7. O-O a6 8. a4
Nc6 9. Nxc6 bxc6 10. Bf4 a5 11. e5 Ne8 12. Qh5 d5 13. Rad1 g6 14. Qe2 Bg5 15.
Nxd5 cxd5 16. Rxd5 Qe7 17. Bxg5 Qxg5 18. e6 Qf6 19. exf7+ Rxf7 20. Qxe8+ Kg7
21. Re5 Rf8 22. Re7+ Kh6 23. Re6 Bxe6 24. Qxe6 Qxe6 25. Bxe6 Rf6 26. Bc4 Rd8
27. Re1 Rfd6 28. Bd3 Rd4 29. b3 Kg5 30. g3 Kf6 31. f4 Rxd3 32. cxd3 Rxd3 33.
Rc1 Rxb3 34. Rxc7 Rb4 35. Rxh7 Rxa4 36. Rc7 Ra2 37. h3 a4 38. g4 a3 39. Rc6+
Kg7 40. Ra6 Kh6 41. Kf1 Kg7 42. Ke1 Kf7 43. Kd1 Ra1+ 44. Kc2 a2 45. Kb2 Rh1 46.
Rxa2 Rxh3 47. Ra7+ Kg8 48. Ra3 Rh2+ 49. Kc3 Rh4 50. Kd4 Rxg4 51. Ke5 Kg7 52.
Ra7+ Kh6 53. Ra6 Kg7 54. f5 gxf5 55. Kxf5 Rg1 56. Ra7+ Kh6 57. Ra6+ 1/2-1/2

[Event "IV Memorial Salvatore Nobile"]
[Site "Roma ITA"]
[Date "2011.02.10"]
[Round "5"]
[White "Andreozzi, Paolo"]
[Black "Palocci, Claudio"]
[Result "1-0"]
[WhiteElo "1718"]
[BlackElo "1580"]
[PlyCount "115"]
[EventDate "2011.01.13"]

1. d4 d5 2. c4 e6 3. Nf3 Nf6 4. Nc3 c6 5. g3 Bd6 6. Bg5 Nbd7 7. cxd5 exd5 8.
Bg2 O-O 9. O-O Re8 10. Qc2 h6 11. Bd2 Nf8 12. Nh4 Bg4 13. f3 Bh5 14. Nf5 Bg6
15. e4 Bxf5 16. exf5 Qb6 17. Qd3 Re7 18. Rfe1 Rae8 19. Na4 Qc7 20. Rxe7 Rxe7
21. Re1 Rxe1+ 22. Bxe1 N8d7 23. b3 Nb6 24. Ba5 Nfd7 25. Nxb6 Nxb6 26. f6 g6 27.
Qe3 Bf8 28. Bh3 Qd8 29. Qf4 Bd6 30. Qxh6 Qxf6 31. Qe3 Qd8 32. Bd2 Nd7 33. Kf2
Bf8 34. Qf4 Nf6 35. Qe3 b6 36. Qd3 Qc7 37. Bf4 Bd6 38. Bg5 Nh7 39. Bd2 Qe7 40.
Bh6 Bb4 41. Qe3 Qxe3+ 42. Kxe3 c5 43. Bd7 cxd4+ 44. Kxd4 Bc5+ 45. Kxd5 Nf6+ 46.
Kc6 Nxd7 47. Kxd7 Kh7 48. Bf4 Kg7 49. g4 Kf6 50. h3 a5 51. a4 Bf2 52. Kd6 Bc5+
53. Kd5 Ke7 54. h4 Kd7 55. h5 gxh5 56. gxh5 Ba3 57. h6 Bb2 58. Be5 1-0

[Event "IV Memorial Salvatore Nobile"]
[Site "Roma ITA"]
[Date "2011.02.10"]
[Round "5"]
[White "Crucioli, Marco"]
[Black "Bogosaljevic, Miodrag"]
[Result "0-1"]
[WhiteElo "1592"]
[BlackElo "1898"]
[PlyCount "78"]
[EventDate "2011.01.13"]

1. e4 c5 2. d3 Nc6 3. Ne2 g6 4. Ng3 Bg7 5. Be2 d6 6. c3 Nf6 7. O-O O-O 8. Na3
a6 9. Nc2 h5 10. Bg5 Bg4 11. f3 Bd7 12. Kh1 Nh7 13. Be3 h4 14. Nh5 gxh5 15. f4
h3 16. gxh3 Bxh3 17. Rg1 Kh8 18. Bxh5 f5 19. Qf3 Bg4 20. Bxg4 fxg4 21. Rxg4 Ne5
22. Qh3 Nxg4 23. Qxg4 Bf6 24. d4 Rg8 25. Qh5 Qe8 26. Qxe8 Raxe8 27. dxc5 e5 28.
cxd6 exf4 29. Bxf4 Rxe4 30. Be3 Nf8 31. Rf1 Nd7 32. Bd4 Rg6 33. Be3 Be5 34. Bd4
Rxd6 35. Rf5 Rh6 36. Bxe5+ Rxe5 37. Rf2 Rf5 38. Rd2 Nf8 39. Kg2 Rg5+ 0-1

[Event "IV Memorial Salvatore Nobile"]
[Site "Roma ITA"]
[Date "2011.02.10"]
[Round "5"]
[White "Casella, Carlo"]
[Black "Bolla, Vittorio"]
[Result "0-1"]
[WhiteElo "1691"]
[BlackElo "1782"]
[PlyCount "100"]
[EventDate "2011.01.13"]

1. e4 e6 2. d4 d5 3. exd5 exd5 4. Bd3 Bd6 5. Ne2 Ne7 6. Bf4 O-O 7. Nd2 Re8 8.
O-O Bg4 9. Bxd6 Qxd6 10. f3 Bf5 11. Nb3 Nd7 12. Ng3 Qg6 13. Nxf5 Nxf5 14. Qd2
Qf6 15. Rfe1 Nh4 16. Qf2 b6 17. c3 c6 18. Rxe8+ Rxe8 19. Re1 Re6 20. Rxe6 fxe6
21. Qg3 e5 22. Qg4 Qe7 23. g3 Nxf3+ 24. Qxf3 e4 25. Bxe4 dxe4 26. Qe3 Nf6 27.
Nd2 Qe6 28. b3 Qf5 29. c4 Kf7 30. a3 Ng4 31. Qf4 Qxf4 32. gxf4 e3 33. Nf3 Kf6
34. Kg2 Kf5 35. Kg3 Nf2 36. d5 cxd5 37. cxd5 Ne4+ 38. Kg2 Kxf4 39. Ne1 e2 40.
d6 Nxd6 41. Kf2 Nf5 42. Nd3+ Ke4 43. Nc1 Nd4 44. b4 g5 45. Nxe2 Nxe2 46. Kxe2
g4 47. a4 h5 48. a5 h4 49. axb6 axb6 50. Kf2 Kf4 0-1

[Event "IV Memorial Salvatore Nobile"]
[Site "Roma ITA"]
[Date "2011.02.10"]
[Round "5"]
[White "Dorascenzi, Angelo"]
[Black "Denozza, Mauro"]
[Result "1/2-1/2"]
[WhiteElo "1404"]
[BlackElo "1672"]
[PlyCount "69"]
[EventDate "2011.01.13"]

1. e4 d6 2. Nc3 Nf6 3. Nf3 Bg4 4. Be2 e5 5. d4 Nbd7 6. h3 Bh5 7. O-O Be7 8. Re1
O-O 9. dxe5 dxe5 10. a3 c6 11. Bg5 Qc7 12. Bxf6 Bxf6 13. Nh2 Bxe2 14. Qxe2 Rad8
15. Rad1 b5 16. Ng4 Be7 17. b4 a5 18. Rd3 axb4 19. axb4 Bxb4 20. Red1 Nc5 21.
Rxd8 Rxd8 22. Rxd8+ Qxd8 23. Qd1 Qxd1+ 24. Nxd1 f6 25. f3 Ne6 26. Kf1 c5 27.
Nge3 Ba5 28. Nd5 b4 29. Nb2 Nd4 30. Nc4 Nc6 31. Nd2 b3 32. Nxb3 Bb4 33. Nxb4
cxb4 34. Ke1 Kf7 35. Kd2 1/2-1/2

[Event "IV Memorial Salvatore Nobile"]
[Site "Roma ITA"]
[Date "2011.02.10"]
[Round "5"]
[White "Arceri, Paolo"]
[Black "Chianura, Mimmo"]
[Result "0-1"]
[WhiteElo "1464"]
[BlackElo "1667"]
[PlyCount "102"]
[EventDate "2011.01.13"]

1. e4 e5 2. Nf3 Nc6 3. Bc4 Be7 4. c3 d6 5. O-O Bg4 6. d4 Nf6 7. Qb3 O-O 8. Qxb7
Na5 9. Qa6 Nxc4 10. Qxc4 Bxf3 11. gxf3 Nh5 12. Kh1 Bg5 13. Na3 Qf6 14. Qd3 Nf4
15. Bxf4 Bxf4 16. Rg1 c5 17. Nc2 Qe6 18. Rg2 f5 19. Rag1 g6 20. d5 Qd7 21. Ne3
fxe4 22. Qxe4 Rf7 23. Ng4 Raf8 24. c4 Qf5 25. Qxf5 Rxf5 26. b3 Kg7 27. Rb1 Bd2
28. Rd1 Bb4 29. Rd3 Rxf3 30. Rxf3 Rxf3 31. Rg3 Rf8 32. Kg2 Bd2 33. Rf3 Bf4 34.
Ne3 Bxe3 35. fxe3 Rxf3 36. Kxf3 Kf6 37. a3 a5 38. e4 h6 39. h4 h5 40. Kg3 g5
41. Kh3 gxh4 42. Kxh4 Kg6 43. a4 Kh6 44. Kh3 Kg5 45. Kg3 h4+ 46. Kh3 Kf4 47.
Kxh4 Kxe4 48. Kg4 Kd4 49. Kf5 e4 50. Ke6 e3 51. Kxd6 e2 0-1